| 000 | 00567nam a2200217 i 4500 | ||
|---|---|---|---|
| 001 | bg | ||
| 100 | 1 | _aMINASI, Mark | |
| 245 | 1 | 0 |
_aWindows 95 : _bczy król jest nagi? / _cMark Minasi ; [tł. z ang. Marcin Pancewicz]. |
| 260 |
_aGliwice : _bHelion, _ccop. 1997. |
||
| 300 |
_a427 s. : _brys. ; _c24 cm. |
||
| 504 | _aIndeks. | ||
| 630 | 0 | 9 | _aWindows 95 |
| 655 | _aPodręczniki | ||
| 020 | _a8386718234 | ||
| 040 | _cBPK | ||
| 041 | 1 |
_apl _hen |
|
| 080 | _a004.451(07) | ||
| 920 | _a83-86718-23-4 | ||
| 942 | _cKS | ||
| 008 | s pl f |000 0 pol | ||
| 999 |
_c32717 _d32717 |
||
| 856 |
_uhttp://koha.tu.koszalin.pl/cgi-bin/koha/opac-detail.pl?biblionumber=32717 _yKatalog online BPK |
||